000 00412nam a2200169Ia 4500
008 221030s9999 xx 000 0 und d
020 _a8173192111
041 _aEnglish
082 _a105.23
_bBas
100 _aN. Basu
245 3 _aAn Introduction to Mechanics
_cby N. Basu, S. Nanda
260 _bNarosa Pub.
_aNew Delhi
_c1999
300 _a419
650 _aMechanical
700 _aS. Nanda
942 _cBK
999 _c2617
_d2617